Je t'avais dit de l'oublier-JUL- Paroles - Statistiques

Statistiques générales
  • Ce quiz a été pris 81 fois
  • Le résultat moyen est 292 sur 455
Statistiques - réponses
Paroles % Correct
à
98%
a
98%
A
98%
de
98%
t'a
98%
ta
98%
il
95%
Il
95%
Tu
95%
tu
95%
lui
93%
lui,
93%
Lui,
93%
confiance,
89%
confiance
89%
fait
89%
l'oublier
89%
l'oublier,
89%
l'oublier;
89%
as
84%
la
84%
ou
84%
te
84%
trahis
84%
trahis;
84%
des
82%
confié
80%
dit
80%
Je
80%
problèmes
80%
problèmes;
80%
ses
80%
t'es
80%
tes
80%
m'a
77%
pas
75%
j't'avais
73%
J't'avais
73%
Jt'avais
73%
le
73%
"mon
73%
promesses
73%
cœur
68%
elle
68%
en
68%
que
68%
qui
68%
plus
66%
sur
66%
Sur
66%
ton
66%
dis
64%
mes
64%
qu'il
64%
aidé,
61%
Et
61%
et
61%
fais
61%
les
61%
mort,
61%
mort
61%
oublié,
61%
sa
61%
vite
61%
aime,
59%
ce
59%
frère"
59%
honte
59%
est
57%
moi,
57%
n'a
57%
Pendant
57%
pendant
57%
peu
57%
t'avais
57%
tout,
57%
tout
57%
voir
57%
Alors
55%
c'est
55%
C'est
55%
par
55%
secrets,
55%
sentiments;
55%
apporté
52%
l'as
52%
Pour
52%
pour
52%
qu'a
52%
t'appeler
52%
aimerait
50%
chien,
50%
mal,
50%
t'as
50%
toi
50%
toi,
50%
bas
48%
clés
48%
drôle,
48%
folle,
48%
souhaites
48%
un
48%
vas
48%
avec
45%
ca
45%
Ca
45%
cloque;
45%
colles
45%
copine
45%
d'amour,
45%
lâche
45%
mais
45%
monnaie;
45%
quand
45%
rigole
45%
taule
45%
terre,
45%
terre
45%
Y'a
45%
dedans;
43%
donne
43%
femme,
43%
long
43%
m'as
43%
mois
43%
preuve
43%
rentre
43%
rêves;
43%
roupillais
43%
tard,
43%
T'imagines ?
43%
après,
41%
comme
41%
Deux
41%
était
41%
guerre
41%
lâcheté
41%
marché
41%
mis
41%
pactole
41%
parles
41%
s'promène
41%
trouves
41%
acheté
39%
avait
39%
avoir
39%
billets
39%
du
39%
enterre
39%
frôles
39%
J'lui
39%
Quoi
39%
réput'
39%
t'aimerais
39%
T'aimerais
39%
trahit;
39%
Veut
39%
brasse,
36%
cette
36%
critiquer,
36%
dise
36%
force
36%
fort
36%
grave,
36%
hein,
36%
journées
36%
même
36%
mit
36%
peur
36%
pleurer ?
36%
potes,
36%
sors
36%
souvent
36%
avais
34%
ceux
34%
dors
34%
fréquentes
34%
heure
34%
passes
34%
quelle
34%
qu'terre,
34%
rencard
34%
sans
34%
soucier
34%
T'aimais
34%
Tellement
34%
claque
32%
crawl
32%
disait
32%
paix?
32%
paix ?
32%
qu'on
32%
racheter
32%
savoir
32%
d'se
30%
mec
30%
t'aimait
30%
appris
27%
cieux
27%
dans
27%
essayer
27%
Faut
27%
faut
27%
finissent
27%
J'ai
27%
oui,
27%
s'intéresse
27%
s'intéressé
27%
dette,
25%
finir
25%
mourir
25%
regardes
25%
réussite
25%
t'attends
25%
yeux
25%
d'mes
23%
j'vais
23%
réussir
23%
j'leur
20%
j'souhaite
20%
JU-JU-JUL,
20%
l'envie
20%
l'monde
20%
Messieurs,
20%
thermes,
20%
pardonner,
18%
t'sais,
18%
Bien sûr,
16%
qu't'as
16%
attends
14%
Bah
14%
ll
14%
lacriseomic
11%
l'ai
7%
Aucun quiz correspondant
Distribution des résultats
% des personnes avec chaque résultat
Percentile par nombre de réponses
Votre historique - résultats
Vous n’avez pas pris ce quiz